<?xml version="1.0" encoding="UTF-8"?>
<record
    xmlns:xsi="http://www.w3.org/2001/XMLSchema-instance"
    xsi:schemaLocation="http://www.loc.gov/MARC21/slim http://www.loc.gov/standards/marcxml/schema/MARC21slim.xsd"
    xmlns="http://www.loc.gov/MARC21/slim">

  <leader>03241cam a2200337   4500500</leader>
  <controlfield tag="005">20260322012258.0</controlfield>
  <datafield tag="041" ind1=" " ind2=" ">
    <subfield code="a">fre</subfield>
  </datafield>
  <datafield tag="042" ind1=" " ind2=" ">
    <subfield code="a">dc</subfield>
  </datafield>
  <datafield tag="100" ind1="1" ind2="0">
    <subfield code="a">Cosson, Arnaud</subfield>
    <subfield code="e">author</subfield>
  </datafield>
  <datafield tag="700" ind1="1" ind2="0">
    <subfield code="a">Therville, Clara</subfield>
    <subfield code="e">author</subfield>
  </datafield>
  <datafield tag="700" ind1="1" ind2="0">
    <subfield code="a">Mathevet, Rapha&#xEB;l</subfield>
    <subfield code="e">author</subfield>
  </datafield>
  <datafield tag="700" ind1="1" ind2="0">
    <subfield code="a">Mauz, Isabelle</subfield>
    <subfield code="e">author</subfield>
  </datafield>
  <datafield tag="700" ind1="1" ind2="0">
    <subfield code="a">Bioret, Fr&#xE9;d&#xE9;ric</subfield>
    <subfield code="e">author</subfield>
  </datafield>
  <datafield tag="245" ind1="0" ind2="0">
    <subfield code="a">Dynamiques d&#x2019;int&#xE9;gration des espaces naturels prot&#xE9;g&#xE9;s en France&#xA0;: une approche comparative entre parcs nationaux et r&#xE9;serves naturelles</subfield>
  </datafield>
  <datafield tag="260" ind1=" " ind2=" ">
    <subfield code="c">2017.
							</subfield>
  </datafield>
  <datafield tag="500" ind1=" " ind2=" ">
    <subfield code="a">30</subfield>
  </datafield>
  <datafield tag="520" ind1=" " ind2=" ">
    <subfield code="a">Ces trente derni&#xE8;res ann&#xE9;es, les espaces naturels prot&#xE9;g&#xE9;s (ENP) ont connu un changement majeur de paradigme, des approches s&#xE9;gr&#xE9;gatives aux approches int&#xE9;gratives. Les cadres d&#x2019;analyse traitant de la transformation des syst&#xE8;mes socio&#xE9;cologiques et des biens communs permettent de comparer ce processus de transformation entre deux grands types d&#x2019;ENP en France&#xA0;: les parcs nationaux et les r&#xE9;serves naturelles. Tandis que les trajectoires d&#x2019;int&#xE9;gration des parcs s&#x2019;expliquent par une injonction descendante, celles de certaines r&#xE9;serves sont issues de processus ascendants. Si la comparaison entre parcs et r&#xE9;serves r&#xE9;v&#xE8;le des variables cl&#xE9;s dans la mise en &#x153;uvre des approches int&#xE9;gratives (leadership, capital social, articulation entre niveaux de r&#xE8;gle), leur articulation diff&#xE8;re du fait de l&#x2019;histoire de ces outils, de l&#x2019;origine du processus de transformation et d&#x2019;effets d&#x2019;&#xE9;chelle.</subfield>
  </datafield>
  <datafield tag="520" ind1=" " ind2=" ">
    <subfield code="a">Towards integration in French protected areas: a comparative approach between National Parks and Nature ReservesProtected areas (PA) have undergone a major paradigmatic shift over the past 30 years, from segregative to integrative models. Drawing on the literature on the transformation of social-ecological systems and Ostrom&#x2019;s institutional analysis, we compare this evolution for two types of protected areas in France&#xA0;: national parks and nature reserves. Whereas the former are characterized by a top-down implementation of the integrative model, the latter present a more bottom-up integration. A comparison of empirical fieldwork conducted in two national parks and ten nature reserves highlights three key variables in the implementation of integrative approaches in PA&#xA0;: leadership, social capital and the three levels of rules-in-use (constitutional, collective and operational). By combining these three elements, PA managers are able to navigate in specific and ever changing social-ecological contexts towards integrative PA models. However, their leeway differs for national parks and nature reserves, depending on historical aspects, the impetus at the origin of transformation, and the scale effect.</subfield>
  </datafield>
  <datafield tag="690" ind1=" " ind2=" ">
    <subfield code="a">biodiversit&#xE9;</subfield>
  </datafield>
  <datafield tag="690" ind1=" " ind2=" ">
    <subfield code="a">espace naturel prot&#xE9;g&#xE9;</subfield>
  </datafield>
  <datafield tag="690" ind1=" " ind2=" ">
    <subfield code="a">France</subfield>
  </datafield>
  <datafield tag="690" ind1=" " ind2=" ">
    <subfield code="a">gouvernance</subfield>
  </datafield>
  <datafield tag="690" ind1=" " ind2=" ">
    <subfield code="a">syst&#xE8;me socio&#xE9;cologique</subfield>
  </datafield>
  <datafield tag="690" ind1=" " ind2=" ">
    <subfield code="a">biodiversity</subfield>
  </datafield>
  <datafield tag="690" ind1=" " ind2=" ">
    <subfield code="a">France</subfield>
  </datafield>
  <datafield tag="690" ind1=" " ind2=" ">
    <subfield code="a">governance</subfield>
  </datafield>
  <datafield tag="690" ind1=" " ind2=" ">
    <subfield code="a">protected area</subfield>
  </datafield>
  <datafield tag="690" ind1=" " ind2=" ">
    <subfield code="a">social-ecological system</subfield>
  </datafield>
  <datafield tag="786" ind1="0" ind2=" ">
    <subfield code="n">Natures Sciences Soci&#xE9;t&#xE9;s | 25 | 3 | 2017-11-15 | p. 230-240 | 1240-1307</subfield>
  </datafield>
  <datafield tag="856" ind1="4" ind2="1">
    <subfield code="u">https://stm.cairn.info/revue-natures-sciences-societes-2017-3-page-230?lang=fr&amp;redirect-ssocas=7080</subfield>
  </datafield>
  <datafield tag="999" ind1=" " ind2=" ">
    <subfield code="c">1771423</subfield>
    <subfield code="d">1771423</subfield>
  </datafield>
</record>
